[Event "AUTO-OPEN-1491"]
[Site "http://www.queenalice.com/game.php?id=562463"]
[Date "2009.3.27"]
[Round "1"]
[White "chessarcher"]
[Black "drd123"]
[Result "0-1"]
[WhiteElo "1214"]
[BlackElo "2103"]

1. d4 Nf6 2. c4 g6 3. Nc3 Bg7 4. e4 d6 5. Nf3 Bg4 6. Be2 Nbd7 7. Be3 O-O 8. O-O
h6 9. Qc2 a6 10. h3 Bxf3 11. Bxf3 Rc8 12. b3 c5 13. d5 Ne5 14. Be2 g5 15. f4
gxf4 16. Bxf4 Ng6 17. Bd2 Nd7 18. Rae1 e6 0-1

[Event "AUTO-OPEN-1491"]
[Site "http://www.queenalice.com/game.php?id=562464"]
[Date "2009.3.27"]
[Round "1"]
[White "drd123"]
[Black "chessarcher"]
[Result "1-0"]
[WhiteElo "2102"]
[BlackElo "1214"]

1. e4 e5 2. Nf3 Nc6 3. Nc3 d6 4. Bc4 Be7 5. d3 a6 6. a4 Nf6 7. O-O O-O 8. h3 Na5
9. Ba2 Re8 10. Re1 Bf8 11. Be3 Be6 12. Bxe6 Rxe6 13. Nd5 b6 14. Nxf6+ Qxf6 15.
Qd2 Qd8 16. b4 Nb7 17. c4 1-0

[Event "AUTO-OPEN-1492"]
[Site "http://www.queenalice.com/game.php?id=562849"]
[Date "2009.3.27"]
[Round "1"]
[White "biano"]
[Black "chessarcher"]
[Result "1-0"]
[WhiteElo "1870"]
[BlackElo "1214"]

1. e4 e5 2. f4 exf4 3. Nf3 Be7 4. Bc4 Bh4+ 5. g3 fxg3 6. O-O gxh2+ 7. Kh1 Nh6 8.
d4 O-O 9. Bxh6 gxh6 10. Ne5 d5 11. exd5 1-0

[Event "AUTO-OPEN-1495"]
[Site "http://www.queenalice.com/game.php?id=563882"]
[Date "2009.3.30"]
[Round "1"]
[White "txukahamae"]
[Black "chessarcher"]
[Result "1-0"]
[WhiteElo "1605"]
[BlackElo "1500"]

1. d4 Nf6 2. c4 e6 3. Nc3 Bb4 4. Qc2 c5 5. dxc5 Qa5 6. Bd2 Qxc5 7. e3 O-O 8. Nf3
Nc6 9. Be2 d5 10. a3 Bxc3 11. Bxc3 Qe7 12. cxd5 1-0

[Event "AUTO-OPEN-1495"]
[Site "http://www.queenalice.com/game.php?id=563906"]
[Date "2009.3.30"]
[Round "1"]
[White "QuinhoFogo"]
[Black "chessarcher"]
[Result "1-0"]
[WhiteElo "1503"]
[BlackElo "1209"]

1. e4 e5 2. Nf3 Nc6 3. Bb5 a6 4. Bxc6 dxc6 5. Nxe5 Qd4 6. Ng4 Qxe4+ 7. Ne3 f5 8.
d3 Qe7 9. O-O Qf7 10. d4 Be6 11. Qe2 1-0

[Event "AUTO-OPEN-1495"]
[Site "http://www.queenalice.com/game.php?id=563907"]
[Date "2009.3.30"]
[Round "1"]
[White "chessarcher"]
[Black "QuinhoFogo"]
[Result "0-1"]
[WhiteElo "1214"]
[BlackElo "1498"]

1. d4 d5 2. c4 dxc4 3. e4 e5 4. d5 Bb4+ 5. Bd2 Bxd2+ 6. Qxd2 b5 7. a4 bxa4 8.
Rxa4 Ba6 9. Qc2 Nf6 10. Rxa6 Nxa6 11. Qxc4 Nb8 0-1

[Event "AUTO-OPEN-1495"]
[Site "http://www.queenalice.com/game.php?id=563922"]
[Date "2009.3.30"]
[Round "1"]
[White "chessarcher"]
[Black "Constantino"]
[Result "0-1"]
[WhiteElo "1401"]
[BlackElo "1384"]

1. d4 d5 2. c4 Nf6 3. Nc3 e6 4. Nf3 Bb4 5. Qc2 Nc6 6. c5 O-O 7. Bd2 e5 8. e3 Re8
9. a3 exd4 10. axb4 Nxb4 11. Qb3 dxc3 0-1

[Event "AUTO-OPEN-1495"]
[Site "http://www.queenalice.com/game.php?id=563923"]
[Date "2009.3.30"]
[Round "1"]
[White "Constantino"]
[Black "chessarcher"]
[Result "1-0"]
[WhiteElo "1401"]
[BlackElo "1297"]

1. e4 e5 2. d3 Nc6 3. Nc3 g6 4. Nf3 Bg7 5. Nd5 d6 6. b3 Nge7 7. Bg5 O-O 8. c4 f6
9. Nxf6+ Bxf6 10. g3 Bg4 11. Be2 Bxf3 12. Bxf3 1-0

[Event "AUTO-OPEN-1499"]
[Site "http://www.queenalice.com/game.php?id=565360"]
[Date "2009.4.2"]
[Round "1"]
[White "regicide13"]
[Black "chessarcher"]
[Result "1-0"]
[WhiteElo "1757"]
[BlackElo "1214"]

1. e4 e5 2. Nf3 Nc6 3. Bc4 Be7 4. d3 d6 5. O-O Nf6 6. Ng5 O-O 7. c3 Na5 8. Nxf7
Rxf7 9. Bxf7+ Kxf7 10. b4 Nc6 11. Bg5 h6 12. Bh4 Kg8 13. b5 Nb8 14. Qb3+ 1-0

[Event "AUTO-OPEN-1499"]
[Site "http://www.queenalice.com/game.php?id=565361"]
[Date "2009.4.2"]
[Round "1"]
[White "chessarcher"]
[Black "regicide13"]
[Result "0-1"]
[WhiteElo "1214"]
[BlackElo "1755"]

1. d4 d5 2. c4 e6 3. Nc3 Nf6 4. Nf3 Bb4 5. e3 Ne4 6. Qb3 Bxc3+ 7. bxc3 O-O 8.
Bb2 Nc6 9. cxd5 exd5 10. Bd3 Na5 11. Qc2 Bf5 12. O-O Qf6 13. Ne5 Qg5 0-1

[Event "AUTO-OPEN-1499"]
[Site "http://www.queenalice.com/game.php?id=565386"]
[Date "2009.4.2"]
[Round "1"]
[White "CampbellMarcel"]
[Black "chessarcher"]
[Result "1-0"]
[WhiteElo "1708"]
[BlackElo "1214"]

1. e4 e5 2. Bc4 Nf6 3. f4 exf4 4. Nf3 Nxe4 5. O-O Be7 6. Ne5 d5 7. Re1 O-O 8.
Rxe4 dxe4 9. Bxf7+ Rxf7 10. Nxf7 Bc5+ 11. Kh1 Qh4 12. Ne5 Bd4 13. Nc4 Bg4 14.
Qf1 Nc6 15. c3 Bf2 16. Nba3 1-0

[Event "AUTO-OPEN-1499"]
[Site "http://www.queenalice.com/game.php?id=565387"]
[Date "2009.4.2"]
[Round "1"]
[White "chessarcher"]
[Black "CampbellMarcel"]
[Result "0-1"]
[WhiteElo "1214"]
[BlackElo "1706"]

1. d4 Nf6 2. c4 e6 3. Nc3 Bb4 4. Bd2 O-O 5. a3 Be7 6. e4 d5 7. e5 Nfd7 8. cxd5
exd5 9. Nxd5 c6 10. Nxe7+ Qxe7 11. Be2 b5 12. Nf3 a5 13. O-O h6 14. Re1 Nb6 15.
Rc1 Bb7 0-1

[Event "AUTO-OPEN-1499"]
[Site "http://www.queenalice.com/game.php?id=565404"]
[Date "2009.4.2"]
[Round "1"]
[White "chessarcher"]
[Black "baudkin"]
[Result "0-1"]
[WhiteElo "1214"]
[BlackElo "2003"]

1. d4 Nf6 2. c4 g6 3. Nc3 Bg7 4. Nf3 d6 5. e4 O-O 6. Be2 e5 7. dxe5 dxe5 8. Bg5
Nbd7 9. O-O Nc5 10. Qc2 c6 11. Rfd1 Qc7 12. b4 Ne6 13. h3 Nxg5 0-1

[Event "AUTO-OPEN-1499"]
[Site "http://www.queenalice.com/game.php?id=565405"]
[Date "2009.4.2"]
[Round "1"]
[White "baudkin"]
[Black "chessarcher"]
[Result "1-0"]
[WhiteElo "2001"]
[BlackElo "1214"]

1. c4 e5 2. g3 Nf6 3. Bg2 Be7 4. Nc3 O-O 5. d3 c6 6. e4 b6 7. Nf3 Qc7 8. O-O Bb7
9. d4 d6 10. Qe2 Nbd7 11. b3 Rfe8 12. a3 1-0